| 000 | 00501nam a2200145 a 4500 | ||
|---|---|---|---|
| 001 | 000031958 | ||
| 005 | 20200930063319.0 | ||
| 008 | 110707s1995 dr acd 000 0 spa d | ||
| 040 |
_aDO-SdBNP _bspa _cBNPHU |
||
| 110 | 2 |
_aCentro Médico Dr. Betances _958123 |
|
| 245 | 1 | 0 |
_aSistema de información general : _bun aporte a los establecimientos del sistema nacional de salud /. |
| 260 |
_aSanto Domingo : _bCentro Médico Dr. Betances, _c1995. |
||
| 300 |
_a44 p. : _bil., retrs. ; _c28 cm. |
||
| 049 | _aBNPD | ||
| 999 |
_c31449 _d31449 |
||